Dicey, Morris and Collins on the conflict of laws / (Record no. 4337)
| 000 -LEADER | |
|---|---|
| fixed length control field | 01377cam a2200361 i 4500 |
| 001 - CONTROL NUMBER | |
| control field | 22815877 |
| 003 - CONTROL NUMBER IDENTIFIER | |
| control field | OSt |
| 005 - DATE AND TIME OF LATEST TRANSACTION | |
| control field | 20230710110836.0 |
| 008 - FIXED-LENGTH DATA ELEMENTS--GENERAL INFORMATION | |
| fixed length control field | 221007s2022 enk b 001 0 eng |
| 010 ## - LIBRARY OF CONGRESS CONTROL NUMBER | |
| LC control number | 2021385616 |
| 020 ## - INTERNATIONAL STANDARD BOOK NUMBER | |
| International Standard Book Number | 9780414102040 |
| Qualifying information | (set) |
| 020 ## - INTERNATIONAL STANDARD BOOK NUMBER | |
| Cancelled/invalid ISBN | 9780414102071 |
| Qualifying information | (ebook set) |
| 040 ## - CATALOGING SOURCE | |
| Original cataloging agency | DLC |
| Language of cataloging | eng |
| Description conventions | rda |
| Transcribing agency | DLC |
| 042 ## - AUTHENTICATION CODE | |
| Authentication code | pcc |
| 043 ## - GEOGRAPHIC AREA CODE | |
| Geographic area code | e-uk--- |
| -- | e------ |
| 050 00 - LIBRARY OF CONGRESS CALL NUMBER | |
| Classification number | KD680.D5 2022 |
| 100 1# - MAIN ENTRY--PERSONAL NAME | |
| Personal name | Dicey, A. V. |
| Fuller form of name | (Albert Venn), |
| Dates associated with a name | 1835-1922. |
| 245 10 - TITLE STATEMENT | |
| Title | Dicey, Morris and Collins on the conflict of laws / |
| Statement of responsibility, etc | under the general editorship of Lord Collins of Mapesbury and Professor Jonathan Harris ; with specialist editors. |
| 246 30 - VARYING FORM OF TITLE | |
| Title proper/short title | Conflict of laws |
| 246 3# - VARYING FORM OF TITLE | |
| Title proper/short title | Dicey, Morris & Collins on the conflict of laws |
| 250 ## - EDITION STATEMENT | |
| Edition statement | Sixteenth edition. |
| 260 ## - PUBLICATION, DISTRIBUTION, ETC. (IMPRINT) | |
| Place of publication, distribution, etc | England |
| Name of publisher, distributor, etc | Sweet & Maxwell |
| Date of publication, distribution, etc | 2022 |
| 300 ## - PHYSICAL DESCRIPTION | |
| Extent | cdxli, 2476, lxxi pages ; |
| Dimensions | 25 cm |
| 500 ## - GENERAL NOTE | |
| General note | Includes tables of cases, statutes, statutory instruments, rules, etc. |
| 650 #0 - SUBJECT ADDED ENTRY--TOPICAL TERM | |
| Topical term or geographic name as entry element | Conflict of laws |
| Geographic subdivision | Great Britain. |
| 650 #0 - SUBJECT ADDED ENTRY--TOPICAL TERM | |
| Topical term or geographic name as entry element | Conflict of laws |
| Geographic subdivision | European Union countries. |
| 700 1# - ADDED ENTRY--PERSONAL NAME | |
| Personal name | Collins, Lawrence |
| Fuller form of name | (Lawrence Antony) |
| 700 1# - ADDED ENTRY--PERSONAL NAME | |
| Personal name | Morris, J. H. C., |
| Dates associated with a name | 1910-1984. |
| 700 1# - ADDED ENTRY--PERSONAL NAME | |
| Personal name | Harris, Jonathan. |
| 906 ## - LOCAL DATA ELEMENT F, LDF (RLIN) | |
| a | 7 |
| b | cbc |
| c | origcop |
| d | 2 |
| e | ncip |
| f | 20 |
| g | y-gencatlg |
| 942 ## - ADDED ENTRY ELEMENTS (KOHA) | |
| Source of classification or shelving scheme | |
| Koha item type | Book |
| Withdrawn status | Lost status | Source of classification or shelving scheme | Damaged status | Not for loan | Home library | Current library | Date acquired | Total Checkouts | Full call number | Barcode | Date last seen | Date checked out | Copy number | Price effective from | Koha item type |
|---|---|---|---|---|---|---|---|---|---|---|---|---|---|---|---|
| Riara University Library | Riara University Library | 10/07/2023 | 3 | KD 680 .D5 2022 V.2 | 10668/23 | 20/06/2025 | 05/06/2025 | C.1 | 10/07/2023 | Book | |||||
| Riara University Library | Riara University Library | 10/07/2023 | 1 | KD 680 .D5 2022 V.1 | 10667/23 | 19/06/2025 | 05/06/2025 | C.2 | 10/07/2023 | Book | |||||
| Riara University Library | Riara University Library | 10/07/2023 | 2 | KD 680 .D5 2022 V.2 | 10666/23 | 01/07/2025 | 10/06/2025 | C.1 | 10/07/2023 | Book | |||||
| Riara University Library | Riara University Library | 10/07/2023 | 3 | KD 680 .D5 2022 V.1 | 10665/23 | 09/06/2025 | 05/06/2025 | C.2 | 10/07/2023 | Book |
